[Event "Valasska Bystrice op 11th"]
[Site "Valasska Bystrice"]
[Date "2019.09.14"]
[Round "9"]
[White "Janik, Miroslav1111"]
[Black "Perik, Alois"]
[Result "0-1"]
[WhiteElo "1552"]
[BlackElo "1746"]
[PlyCount "104"]
[EventDate "2019.09.07"]
[EventType "swiss"]
[EventRounds "9"]
[EventCountry "CZE"]
[SourceTitle "EXT 2020"]
[Source "ChessBase"]
[SourceDate "2019.10.17"]
[SourceVersion "1"]
[SourceVersionDate "2019.10.17"]
[SourceQuality "1"]

1. d4 d5 2. Nf3 Nf6 3. Bf4 e6 4. e3 Bd6 5. Ne5 Nbd7 6. Nd2 Nf8 7. Bb5+ c6 8. Bd3 Ng6 9. Bg3 Qe7 10. h4 Nd7 11. Ndf3 Bxe5 12. dxe5 f5 13. h5 Ngf8 14. c3 Nc5 15. Bc2 Qc7 16. Nd4 Ne4 17. Bh2 c5 18. Nb5 Qb6 19. Ba4 Bd7 20. Nd6+ Nxd6 21. Bxd7+ Nxd7 22. exd6 Qxb2 23. Qc1 Qxc1+ 24. Rxc1 c4 25. g4 g6 26. Bf4 Kf7 27. gxf5 gxf5 28. Bg5 Rhg8 29. f4 Nf6 30. h6 Ne4 31. Be7 Rg2 32. Kf1 Rag8 33. Bg5 Rf2+ 34. Ke1 Rxa2 35. d7 Nxg5 36. fxg5 Ke7 37. Rg1 Kxd7 38. Kf1 Rh2 39. Re1 Rh5 40. Kf2 Rhxg5 41. Rh1 Rg2+ 42. Kf1 Rc2 43. Ra1 a6 44. Ke1 Rgg2 45. Kd1 Rxc3 46. Rb1 Kc6 47. Rh3 b5 48. Ke1 Kc5 49. Kf1 Rcc2 50. Rh1 b4 51. Rg1 Rxg1+ 52. Kxg1 b3 0-1

[Event "Valasska Bystrice op 11th"]
[Site "Valasska Bystrice"]
[Date "2019.09.07"]
[Round "1"]
[White "Polaskova, Jitka"]
[Black "Perik, Alois"]
[Result "0-1"]
[WhiteElo "1526"]
[BlackElo "1746"]
[PlyCount "68"]
[EventDate "2019.09.07"]
[EventType "swiss"]
[EventRounds "9"]
[EventCountry "CZE"]
[SourceTitle "EXT 2020"]
[Source "ChessBase"]
[SourceDate "2019.10.17"]
[SourceVersion "1"]
[SourceVersionDate "2019.10.17"]
[SourceQuality "1"]

1. e4 c6 2. Nf3 d5 3. d4 dxe4 4. Ng5 Bf5 5. Bc4 e6 6. Nc3 Nf6 7. f3 exf3 8. Qxf3 Qxd4 9. Bd3 Bxd3 10. cxd3 Nbd7 11. Qe2 Qe5 12. Be3 Bc5 13. Bxc5 Qxe2+ 14. Kxe2 Nxc5 15. Rad1 0-0 16. h4 Rad8 17. g3 Rd7 18. d4 Na6 19. a3 Rfd8 20. Nf3 Nc7 21. Rhg1 Ng4 22. Ne4 Nb5 23. Nc5 Nxd4+ 24. Nxd4 Rxd4 25. Nxb7 Rxd1 26. Rxd1 Rxd1 27. Kxd1 Kf8 28. Nd8 Ne5 29. Kc2 Ke7 30. Nb7 Kd7 31. b4 Kc7 32. Na5 Kb6 33. a4 c5 34. Nb3 cxb4 0-1

[Event "Klatovy op-B 23rd"]
[Site "Klatovy"]
[Date "2017.07.06"]
[Round "6"]
[White "Pravda, Krystof"]
[Black "Perik, Alois"]
[Result "1/2-1/2"]
[WhiteElo "1636"]
[BlackElo "1870"]
[PlyCount "112"]
[EventDate "2017.07.01"]
[EventType "swiss"]
[EventRounds "9"]
[EventCountry "CZE"]
[SourceTitle "EXT 2018"]
[Source "ChessBase"]
[SourceDate "2017.10.13"]
[SourceVersion "1"]
[SourceVersionDate "2017.10.13"]
[SourceQuality "1"]

1. e4 c6 2. d4 d5 3. e5 Bf5 4. f4 e6 5. Nf3 Bb4+ 6. c3 Ba5 7. Bd3 Ne7 8. Bxf5 Nxf5 9. g4 Nh4 10. 0-0 Nxf3+ 11. Qxf3 Nd7 12. f5 Qe7 13. b4 Bb6 14. f6 Qf8 15. Kh1 gxf6 16. exf6 Bc7 17. Qh3 Qg8 18. Bh6 Qg6 19. Bg7 Rg8 20. Rf3 0-0-0 21. Nd2 e5 22. Rf5 e4 23. Qh5 Nf8 24. Rg5 Qxh5 25. Rxh5 Bf4 26. Nf1 Ne6 27. Rxh7 Nxg7 28. fxg7 f6 29. Ng3 Bxg3 30. hxg3 Rd7 31. Rf1 Rdxg7 32. Rxg7 Rxg7 33. Rxf6 Rxg4 34. Kg2 Rg7 35. Re6 Kd7 36. Re5 Re7 37. Rg5 Ke6 38. g4 Kf6 39. Rf5+ Kg6 40. b5 Rd7 41. bxc6 bxc6 42. Re5 Rb7 43. Kg3 Rf7 44. c4 dxc4 45. Rxe4 Rd7 46. Kf3 Rd5 47. Re6+ Kg5 48. Rxc6 Rxd4 49. Rc5+ Kg6 50. Rc6+ Kg5 51. Rc7 Rd3+ 52. Ke2 Ra3 53. Rc5+ Kxg4 54. Rxc4+ Kf5 55. Rc2 Ke4 56. Kd1 Kd3 1/2-1/2

[Event "Valasska Bystrice op"]
[Site "Valasska Bystrice"]
[Date "2016.09.11"]
[Round "2"]
[White "Cagasik, Tomas"]
[Black "Perik, Alois"]
[Result "1-0"]
[WhiteElo "2166"]
[BlackElo "1851"]
[PlyCount "87"]
[EventDate "2016.09.10"]
[EventType "swiss"]
[EventRounds "9"]
[EventCountry "CZE"]
[SourceTitle "CBM 174 Extra"]
[Source "ChessBase"]
[SourceDate "2016.10.10"]
[SourceVersion "1"]
[SourceVersionDate "2016.10.10"]
[SourceQuality "1"]

1. d4 d5 2. Nf3 Nf6 3. c4 e6 4. Nc3 a6 5. cxd5 exd5 6. Bg5 Be7 7. e3 h6 8. Bh4 c6 9. Bd3 0-0 10. Bc2 Ne4 11. Bxe7 Qxe7 12. Bxe4 dxe4 13. Ne5 Nd7 14. Nc4 Nf6 15. Qc2 Re8 16. h3 Be6 17. Nd2 Bd5 18. 0-0 Rac8 19. Rfc1 Qe6 20. Na4 Nd7 21. b4 b5 22. Nc5 Nxc5 23. Qxc5 Qe7 24. a4 Qxc5 25. Rxc5 bxa4 26. Rxa4 Rb8 27. Rca5 Rb7 28. Rxa6 Reb8 29. f3 f5 30. fxe4 fxe4 31. Ra7 Kf8 32. Rxb7 Rxb7 33. Nb1 Bb3 34. Ra8+ Ke7 35. Nc3 Bc2 36. Rg8 Kf7 37. Rc8 Rxb4 38. Rxc6 Rb3 39. Rc7+ Kg6 40. d5 Kf6 41. d6 Ke6 42. d7 Ke7 43. Nd5+ Kd8 44. Rxc2 1-0

[Event "Valasska Bystrice op"]
[Site "Valasska Bystrice"]
[Date "2016.09.10"]
[Round "1"]
[White "Perik, Alois"]
[Black "Kunc, Miroslav"]
[Result "1-0"]
[WhiteElo "1851"]
[BlackElo "1553"]
[PlyCount "69"]
[EventDate "2016.09.10"]
[EventType "swiss"]
[EventRounds "9"]
[EventCountry "CZE"]
[SourceTitle "CBM 174 Extra"]
[Source "ChessBase"]
[SourceDate "2016.10.10"]
[SourceVersion "1"]
[SourceVersionDate "2016.10.10"]
[SourceQuality "1"]

1. c4 e5 2. Nc3 Nf6 3. g3 Nc6 4. Bg2 Be7 5. Nf3 0-0 6. 0-0 d6 7. d4 exd4 8. Nxd4 Nxd4 9. Qxd4 c6 10. b3 Bf5 11. Bb2 Qb6 12. Qf4 Bg6 13. Rad1 Nh5 14. Qd2 f5 15. Na4 Qc7 16. e3 Rad8 17. Nc3 Rfe8 18. Ne2 Nf6 19. Nd4 Bf8 20. Ne2 Be7 21. Nf4 Bf7 22. Qd3 g6 23. Qc3 Rd7 24. Rfe1 Rf8 25. e4 fxe4 26. Rxe4 g5 27. Rxe7 Rxe7 28. Qxf6 Re5 29. Bxe5 dxe5 30. Qxg5+ Kh8 31. Qf6+ Kg8 32. Ne6 Bxe6 33. Qxe6+ Kh8 34. Rd7 Qb6 35. Qxe5+ 1-0

[Event "Valasska Bystrice op"]
[Site "Valasska Bystrice"]
[Date "2015.09.13"]
[Round "2"]
[White "Perik, Alois"]
[Black "Bosak, Jan"]
[Result "0-1"]
[WhiteElo "1814"]
[BlackElo "2144"]
[PlyCount "82"]
[EventDate "2015.09.12"]
[EventType "swiss"]
[EventRounds "9"]
[EventCountry "CZE"]
[SourceTitle "EXT 2016"]
[Source "ChessBase"]
[SourceDate "2015.10.08"]
[SourceVersion "1"]
[SourceVersionDate "2015.10.08"]
[SourceQuality "1"]

1. c4 e5 2. Nc3 Nf6 3. g3 c6 4. Bg2 d5 5. cxd5 cxd5 6. d4 exd4 7. Qxd4 Nc6 8. Qa4 Be6 9. e3 Bc5 10. Nge2 0-0 11. 0-0 Qb6 12. Qb5 Rfd8 13. a3 Bg4 14. Qxb6 Bxb6 15. h3 Bf5 16. Na4 Bc7 17. Bd2 Ne4 18. Rfd1 d4 19. g4 Bg6 20. b4 Nxd2 21. Rxd2 dxe3 22. Rxd8+ Rxd8 23. fxe3 Rd2 24. Nf4 Bc2 25. Nc5 Ne5 26. Nxb7 Nc4 27. Nd5 Rxg2+ 28. Kxg2 Be4+ 29. Kf2 Bxd5 30. Na5 Nxa5 31. bxa5 Bxa5 32. Rc1 Be6 33. Kf3 Kf8 34. Ke4 Ke7 35. Kd3 h5 36. Rg1 hxg4 37. hxg4 Kf6 38. g5+ Kg6 39. e4 Bb6 40. Rg2 Bd8 41. Rb2 Kxg5 0-1

[Event "Valasska Bystrice op"]
[Site "Valasska Bystrice"]
[Date "2015.09.12"]
[Round "1"]
[White "Chlevistan, Jaromir"]
[Black "Perik, Alois"]
[Result "0-1"]
[WhiteElo "1543"]
[BlackElo "1814"]
[PlyCount "80"]
[EventDate "2015.09.12"]
[EventType "swiss"]
[EventRounds "9"]
[EventCountry "CZE"]
[SourceTitle "EXT 2016"]
[Source "ChessBase"]
[SourceDate "2015.10.08"]
[SourceVersion "1"]
[SourceVersionDate "2015.10.08"]
[SourceQuality "1"]

1. d4 d5 2. c4 e6 3. Nc3 Nf6 4. Nf3 a6 5. e3 Be7 6. Bd3 dxc4 7. Bxc4 b5 8. Bd3 Bb7 9. 0-0 0-0 10. e4 b4 11. e5 bxc3 12. exf6 Bxf6 13. bxc3 Nd7 14. Bf4 Re8 15. Ne5 Nxe5 16. Bxe5 Bxe5 17. dxe5 Qg5 18. f3 Qxe5 19. Qc2 g6 20. Rae1 Qc5+ 21. Kh1 Rad8 22. Be4 Bxe4 23. fxe4 Qe5 24. Qf2 Rd7 25. Rd1 Red8 26. Rd4 f5 27. exf5 exf5 28. Re1 Qf6 29. Red1 Rxd4 30. Rxd4 Rb8 31. Qe1 c5 32. Rd3 Qc6 33. Kg1 Rb2 34. Rd8+ Kf7 35. Qf1 Qe4 36. Rd1 Rxa2 37. Re1 Qd5 38. g4 Qd2 39. Qc4+ Kg7 40. Re7+ Kh6 0-1

[Event "Ostrava Seniors op"]
[Site "Ostrava"]
[Date "2014.04.28"]
[Round "3"]
[White "Perik, Alois"]
[Black "Zdrazila, Jaromir"]
[Result "1-0"]
[WhiteElo "1838"]
[BlackElo "1547"]
[PlyCount "51"]
[EventDate "2014.04.26"]
[EventType "swiss"]
[EventRounds "9"]
[EventCountry "CZE"]
[SourceTitle "CBM 160 Extra"]
[Source "ChessBase"]
[SourceDate "2014.07.01"]
[SourceVersion "1"]
[SourceVersionDate "2014.07.01"]
[SourceQuality "1"]

1. c4 c5 2. Nc3 e6 3. e4 Nc6 4. Nf3 g6 5. d4 cxd4 6. Nxd4 a6 7. Be3 Be7 8. Be2 Bf6 9. 0-0 Bxd4 10. Bxd4 Nxd4 11. Qxd4 Qf6 12. e5 Qe7 13. Ne4 h5 14. Nd6+ Kf8 15. b3 Qd8 16. Rfd1 Rh7 17. Nxc8 Rxc8 18. Qxd7 Qxd7 19. Rxd7 Rb8 20. Rad1 Kg7 21. c5 Rc8 22. b4 Kh6 23. Bf3 f6 24. Rxh7+ Kxh7 25. Bxb7 Rb8 26. c6 1-0

[Event "Ostrava Seniors op"]
[Site "Ostrava"]
[Date "2014.04.27"]
[Round "2"]
[White "Briza, Jiri"]
[Black "Perik, Alois"]
[Result "1-0"]
[WhiteElo "1910"]
[BlackElo "1838"]
[PlyCount "91"]
[EventDate "2014.04.26"]
[EventType "swiss"]
[EventRounds "9"]
[EventCountry "CZE"]
[SourceTitle "CBM 160 Extra"]
[Source "ChessBase"]
[SourceDate "2014.07.01"]
[SourceVersion "1"]
[SourceVersionDate "2014.07.01"]
[SourceQuality "1"]

1. b3 d5 2. Bb2 Bf5 3. e3 e6 4. Nf3 Nf6 5. Bb5+ c6 6. Be2 Nbd7 7. 0-0 Bd6 8. d4 0-0 9. Nbd2 Ne4 10. g3 Bh3 11. Re1 Bb4 12. a3 Bc3 13. Qc1 Bxb2 14. Qxb2 Qf6 15. Nxe4 dxe4 16. Nd2 Qf5 17. c4 Nf6 18. Qc2 Bg4 19. f3 exf3 20. Qxf5 Bxf5 21. Bxf3 Rad8 22. Ra2 h6 23. e4 Bg6 24. d5 cxd5 25. exd5 exd5 26. Re7 Be4 27. Nxe4 dxe4 28. Bxe4 Nxe4 29. Rxe4 Rfe8 30. Rxe8+ Rxe8 31. Kf2 Kf8 32. c5 f5 33. b4 Re4 34. Rc2 Ke7 35. c6 bxc6 36. Rxc6 Kf7 37. Ra6 Re7 38. h4 g6 39. h5 gxh5 40. Rxh6 Kg7 41. Ra6 Kf7 42. Kf3 Ke8 43. Kf4 Rf7 44. Rh6 a5 45. bxa5 Re7 46. Rh8+ 1-0

[Event "Valasska Bystrice op"]
[Site "Valasska Bystrice"]
[Date "2013.09.07"]
[Round "1"]
[White "Perik, Alois"]
[Black "Karlik, Vladimir"]
[Result "0-1"]
[WhiteElo "1851"]
[BlackElo "2284"]
[PlyCount "122"]
[EventDate "2013.09.07"]
[EventType "swiss"]
[EventRounds "9"]
[EventCountry "CZE"]
[SourceTitle "CBM 156 Extra"]
[Source "ChessBase"]
[SourceDate "2013.10.22"]
[SourceVersion "1"]
[SourceVersionDate "2013.10.22"]
[SourceQuality "1"]

1. c4 g6 2. Nc3 Bg7 3. g3 Nf6 4. Bg2 0-0 5. Nf3 d6 6. d4 c6 7. 0-0 Bf5 8. Re1 Ne4 9. Qb3 Nxc3 10. bxc3 Qc7 11. e4 Bc8 12. Bg5 h6 13. Bf4 e5 14. Be3 Nd7 15. dxe5 dxe5 16. c5 Nf6 17. Bc1 b5 18. cxb6 axb6 19. c4 Be6 20. Qc3 Ra5 21. Bb2 Rfa8 22. a3 Nd7 23. Nd2 Nc5 24. Qe3 Na4 25. Reb1 Nxb2 26. Rxb2 R5a6 27. Rab1 Rxa3 28. Qxb6 Qd7 29. Bf1 Ra1 30. Nb3 Rxb1 31. Rxb1 Bf8 32. Nc5 Qd6 33. Nxe6 Qxe6 34. Kg2 Qd6 35. h4 h5 36. Qb7 Ra2 37. Rb3 Ra1 38. Rf3 Be7 39. Rd3 Qc5 40. Qb2 Qa5 41. Rd2 Kh7 42. Bd3 Bc5 43. Re2 Bd4 44. Qd2 Qa3 45. Qc2 Rc1 46. Qd2 Rc3 47. Bb1 Rb3 48. Bc2 Rc3 49. Bb1 Kg7 50. Ba2 Qb4 51. Qd1 Ra3 52. Rc2 Qc5 53. Qe2 Ra5 54. Kg1 Ra3 55. Kg2 Ra8 56. Qd2 Rf8 57. Qe2 f5 58. exf5 Rxf5 59. Qe1 Qa3 60. Qe4 Qf8 61. Qe2 Rxf2+ 0-1

[Event "Klatovy op-B"]
[Site "Klatovy"]
[Date "2013.06.29"]
[Round "1"]
[White "Perik, Alois"]
[Black "Straslipka, Jiri"]
[Result "1-0"]
[WhiteElo "1875"]
[BlackElo "1695"]
[PlyCount "41"]
[EventDate "2013.06.29"]
[EventType "swiss"]
[EventRounds "9"]
[EventCountry "CZE"]
[SourceTitle "EXT 2014"]
[Source "ChessBase"]
[SourceDate "2013.11.20"]
[SourceVersion "1"]
[SourceVersionDate "2013.11.20"]
[SourceQuality "1"]

1. c4 g6 2. Nc3 Bg7 3. g3 Nf6 4. Bg2 0-0 5. Nf3 c5 6. 0-0 Nc6 7. d4 cxd4 8. Nxd4 Nxd4 9. Qxd4 Ne8 10. Qd2 d6 11. Rd1 Rb8 12. b3 b6 13. Bb2 Bb7 14. e4 Nc7 15. Nd5 Nxd5 16. Bxg7 Kxg7 17. cxd5 Rc8 18. Rac1 Rxc1 19. Rxc1 Qb8 20. Bh3 Bc8 21. Qc3+ 1-0

[Event "Rychnov Seniors op"]
[Site "Rychnov nad Kneznou"]
[Date "2012.08.27"]
[Round "8"]
[White "Perik, Alois"]
[Black "Hastik, Svatopluk"]
[Result "0-1"]
[WhiteElo "1870"]
[BlackElo "2051"]
[PlyCount "72"]
[EventDate "2012.08.20"]
[EventType "swiss"]
[EventRounds "9"]
[EventCountry "CZE"]
[SourceTitle "CBM 150 Extra"]
[Source "ChessBase"]
[SourceDate "2012.10.19"]
[SourceVersion "1"]
[SourceVersionDate "2012.10.19"]
[SourceQuality "1"]

1. c4 g6 2. Nc3 Bg7 3. g3 d6 4. Bg2 c6 5. d4 Nf6 6. Nf3 0-0 7. 0-0 Qa5 8. Qd2 Nbd7 9. b3 Re8 10. Bb2 Rb8 11. Rfe1 b5 12. Nd5 Qxd2 13. Nxf6+ Bxf6 14. Nxd2 c5 15. e3 bxc4 16. Nxc4 Nb6 17. dxc5 Nxc4 18. Bxf6 exf6 19. bxc4 dxc5 20. Rab1 Be6 21. Bd5 f5 22. h4 Kg7 23. Kg2 Kf6 24. f4 Rxb1 25. Rxb1 Bxd5+ 26. cxd5 Rxe3 27. d6 Ke6 28. Rb7 Ra3 29. d7 Ke7 30. Rc7 Rxa2+ 31. Kh3 Ra5 32. d8Q+ Kxd8 33. Rxf7 c4 34. Rxh7 c3 35. Rh8+ Kc7 36. Rh7+ Kb6 0-1